| 000 | 01330cam a2200229 4500 | ||
|---|---|---|---|
| 001 | ABS65582 | ||
| 008 | 020701n2002 000 0 eng u | ||
| 035 | _a(Sirsi) u118604 | ||
| 100 | _aBrewer, G. | ||
| 245 | _aWitholding of payment | ||
| 260 | _c2002 | ||
| 490 |
_aContract Journal _v413(6379) 29 May 2002, 42(1) |
||
| 520 | _aDiscusses the issues surrounding the issue of a withholding notice in accordance with the Construction Act. One of the comments comes from SL Timber System v Carillion Construction, which concluded that where the paying party disputes the the amount properly due under the contract there will be no requirement to serve a witholding notice. Reports that fringe arguments still need to be discussed and these still cause some difficulty. These include the example found in Clark Contracts v The Burell Co (Construction management) where Clark in placing the case before court, did not specify the works which it had performed and simply relied upon the issue of the interim payment. | ||
| 590 | _aABS | ||
| 650 | _aWITHOLDING PAYMENT | ||
| 650 | _aSL TIMBER SYSTEMS V CARILLION CONSTRUCTION | ||
| 650 | _aCLARK CONTRACTS V THE BURELL CO | ||
| 650 | _aBUILT ENVIRONMENT-BUILDING CONTRACT FORMS | ||
| 650 | _aJCT FORMS | ||
| 690 | _aBUILT ENVIRONMENT-BUILDING CONTRACT FORMS | ||
| 942 | _n0 | ||
| 999 |
_c70625 _d70625 |
||